Zgadnij numer drogi krajowej - Statystyki

Ogólne statystyki
  • Ten quiz został rozwiązany 51 razy
  • Średni wynik to 8 z 10
Statystyki odpowiedzi
Przebieg logistyczny Długość drogi Numer drogi % Poprawnych
Dąbrowa Górnicza->Częstochowa->Radomsko->Rozprza->Piotrków Trybunalski->Łódź->Zgierz->Ozorków->Łęczyca->Krośniewice->Włocławek->Ciechocinek/Aleksandrów Kujawski->Toruń->Chełmno->Świecie->Grudziądz->Nowe->Gniew->Tczew->Pruszcz Gdański->Gdańsk 556 km 91
95%
Kostrzyn Nad Odrą->Gorzów Wielkopolski->Strzelce Krajeńskie->Dobiegniew->Człopa->Wałcz->Jastrowie->Człuchów->Chojnice->Czersk->Czarna Woda->Starogard Gdański->Tczew->Malbork->Elbląg 460 km 22
93%
Oleśnica->Międzybórz->Ostrów Wielkopolski->Nowe Skalmierzyce->Kalisz->Stawiszyn->Rychwał->Konin->Strzelno->Inowrocław->Bydgoszcz->Koronowo->Sępólno Krajeńskie->Kamień Krajeński->Człuchów->Biały Bór->Bobolice 412 km 25
90%
Rzepin->Torzym->Świebodzin->Trzciel->Lwówek->Pniewy->Poznań->Swarzędz->Kostrzyn->Nekla->Września->Słupca->Golina->Konin->Koło->Kłodawa->Krośniewice->Kutno->Łowicz->Sochaczew->Błonie->Ożarów Mazowiecki->Warszawa->Mińsk Mazowiecki->Kałuszyn->Siedlce 472,7 km 92
90%
Trzebnica->Milicz->Zduny->Krotoszyn->Koźmin Wielkopolski->Jarocin->Miłosław->Września->Gniezno->Trzemeszno->Strzelno->Inowrocław->Gniewkowo->Toruń->Kowalewo Pomorskie->Brodnica->Nowe Miasto Lubawskie->Lubawa->Ostróda 372 km 15
88%
Grudziądz->Łasin->Kisielice->Iława->Ostróda->Olsztyn->Barczewo->Biskupiec->Mrągowo->Mikołajki->Orzysz->Ełk->Augustów->Sejny->Hołny mejera(Wieś, koniec drogi) 396 km 16
88%
Słubice->Kostrzyn Nad Odrą->Mieszkowice->Chojna->Gryfino->Szczecin 138 km 31
76%
Strzelno->Kruszwica->Radziejów->Brześć Kujawski->Włocławek->Płock->Wyszogród->Czerwińsk Nad Wisłą->Zakroczym->Nowy Dwór Mazowiecki->Serock->Wyszków->Łochów->Węgrów->Sokołów Podlaski->Drohiczyn->Siemiatycze 361 km 62
76%
Chełmno->Grudziądz->Kwidzyn->Sztum->Malbork->Nowy Staw->Nowy Dwór Gdański 123 km 55
73%
Konin->Tuliszków->Turek->Uniejów->Poddębice->Konstantynów Łódzki->Łódź->Brzeziny->Jezóf->Rawa Mazowiecka 170 km 72
71%
Nie znaleziono quizów pasujących do podanych kryteriów
Rozkład punktacji
Procent ludzi z każdym wynikiem
Percentyl według liczby udzielonych odpowiedzi
Twoja historia wyników
Nie rozwiązałeś tego quizu